|
|
|
|
| LEADER |
00590cam a2200169 7i4500 |
| 001 |
0000024598 |
| 005 |
20100610090000.0 |
| 020 |
0 |
0 |
|a 978-983-2724-78-0
|
| 090 |
0 |
0 |
|a M 338.47624059
|b CON
|
| 110 |
2 |
0 |
|a Construction Industry Development Board (CIDB)
|
| 245 |
2 |
0 |
|a 50 Years of construction :
|b a magnificent achievement.
|
| 260 |
0 |
0 |
|a Kuala Lumpur:
|b CIDB,
|c 2008.
|
| 300 |
# |
# |
|a 211 p.
|
| 650 |
0 |
0 |
|a Construction Industry --
|x History --
|z Malaysia
|
| 651 |
0 |
0 |
|a Malaysia
|
| 999 |
|
|
|a 0000026619
|b Book
|c Malaysia
|e Business Information Centre
|
| 999 |
|
|
|a 0000026618
|b Book
|c Malaysia
|e Business Information Centre
|